000 00656nam a2200241 i 4500
001 C2-0168012
003 PPAK
005 20180727133836.0
008 980714s1994 nyua|||| ||||| | eng d
020 _a0863189377
040 _aPPAK
_beng
_cPPAK
_erda
082 0 4 _a770
_223
090 0 0 _a770
_bLAN
_dR
100 1 _aLangford, Michael,
_eauthor
245 1 0 _aLearn photography in a weekend
264 1 _aNew York :
_bDorling Kindersley ,
_c1994
300 _a95 pages :
_bcolour illustrations ;
_c21 cm
336 _2rdacontent
_atext
337 _2rdamedia
_aunmediated
338 _2rdacarrier
_avolume
650 1 0 _aPhotography
942 _ddc
_cB
999 _c49763
_d49763